Normal view
MARC view
Entry Término temático
001 - NÚMERO DE CONTROL
- campo de control: 28976
003 - IDENTIFICADOR DEL NÚMERO DE CONTROL
- campo de control: FranzMayer
005 - FECHA Y HORA DE LA ÚLTIMA TRANSACCIÓN
- campo de control: 20230726124212.0
008 - DATOS DE LONGITUD FIJA
- campo de control de longitud fija: 230726|| aca||aabn | a|a d
040 ## - FUENTE DE LA CATALOGACIÓN
- Centro catalogador/agencia de origen: FranzMayer
- Centro/agencia transcriptor: FranzMayer
150 ## - ENCABEZAMIENTO--TÉRMINO DE MATERIA
- Término de materia o nombre geográfico como elemento de entrada: Herencias
- Subdivisión de forma: Provincias
670 ## - FUENTE DE DATOS ENCONTRADOS
- Cita de la fuente: Work cat.: (FranzMayer)10919: Autor Bap. Nivarri, Juan 28975, Títulos de la Hacienda de S. Phelipe, perteneciente a Dn Joseph de Cartefons, 1725